<?xml version="1.0" encoding="UTF-8"?>
<marc:record xmlns:marc="http://www.loc.gov/MARC21/slim">
   <marc:leader>00000nam a2200000 a 4500</marc:leader>
   <marc:datafield ind1="1" ind2=" " tag="100">
      <marc:subfield code="a">Gulden, Elke</marc:subfield>
      <marc:subfield code="4">aut</marc:subfield>
      <marc:subfield code="e">Verfasser/-in</marc:subfield>
   </marc:datafield>
   <marc:datafield ind1=" " ind2=" " tag="653">
      <marc:subfield code="a">Rückentraining</marc:subfield>
   </marc:datafield>
   <marc:datafield ind1=" " ind2=" " tag="653">
      <marc:subfield code="a">Anleitung</marc:subfield>
   </marc:datafield>
   <marc:datafield ind1=" " ind2=" " tag="653">
      <marc:subfield code="a">Körperbewusstsein</marc:subfield>
   </marc:datafield>
   <marc:datafield ind1=" " ind2=" " tag="653">
      <marc:subfield code="a">Übungskarten</marc:subfield>
   </marc:datafield>
   <marc:datafield ind1=" " ind2=" " tag="653">
      <marc:subfield code="a">Bildkarten</marc:subfield>
   </marc:datafield>
   <marc:datafield ind1=" " ind2=" " tag="653">
      <marc:subfield code="a">Kinderturnen</marc:subfield>
   </marc:datafield>
   <marc:datafield ind1=" " ind2=" " tag="653">
      <marc:subfield code="a">Rückenschule für Kinder</marc:subfield>
   </marc:datafield>
   <marc:datafield ind1=" " ind2=" " tag="653">
      <marc:subfield code="a">Haltungsschäden</marc:subfield>
   </marc:datafield>
   <marc:datafield ind1=" " ind2=" " tag="653">
      <marc:subfield code="a">Haltungsübungen</marc:subfield>
   </marc:datafield>
   <marc:datafield ind1=" " ind2=" " tag="653">
      <marc:subfield code="a">Rückengesundheit</marc:subfield>
   </marc:datafield>
   <marc:datafield ind1=" " ind2=" " tag="653">
      <marc:subfield code="a">Erzieherin</marc:subfield>
   </marc:datafield>
   <marc:datafield ind1="0" ind2="0" tag="245">
      <marc:subfield code="a">30 x Rückenschule. Bildkarten für Kinder</marc:subfield>
   </marc:datafield>
   <marc:datafield ind1="0" ind2="0" tag="245">
      <marc:subfield code="b">Übungen und Reime für eine gute Körperhaltung</marc:subfield>
   </marc:datafield>
   <marc:datafield ind1=" " ind2="1" tag="264">
      <marc:subfield code="b">Don Bosco Medien</marc:subfield>
      <marc:subfield code="c">2020</marc:subfield>
   </marc:datafield>
   <marc:datafield ind1="1" ind2=" " tag="520">
      <marc:subfield code="a">Angaben aus der Verlagsmeldung        30 x Rückenschule. Bildkarten für Kinder : Übungen und Reime für eine gute Körperhaltung / von Elke Gulden, Bettina Scheer     Haltungsschäden bei Kindern und Rückenschmerzen sind oft die Folge  einer wenig trainierten Stützmuskulatur der Wirbelsäule. Wenn sich  Kinder viel bewegen, toben und klettern, dann trainieren sie dabei wie  von selbst ihre Haltungsmuskulatur. Doch heute sitzen unsere Kinder viel  zu viel! In der Kindergruppe lässt sich einiges für einen starken und  gesunden Rücken tun.        30 praktische Bildkarten mit kindgerechten Übungen    Liebevolle Illustrationen auf der Kartenvorderseite, Anleitungen auf der Rückseite    Spielerische Übungen, die alle beteiligten Muskelgruppen gezielt ansprechen    Fröhliche Verse, die zum Mitmachen einladen     Von Elke Gulden und Bettina Scheer ("30 Kinderyoga-Bildkarten")    Als kleine Übung zwischendurch oder zum Einbau in die Bewegungsstunde    Für Kindergarten, Grundschule und Kinderturnen</marc:subfield>
   </marc:datafield>
</marc:record>
